书目信息 |
| 题名: |
小学交际活动作文理论与实践
|
|
| 作者: | 吴立岗 , 杨文化 著 | |
| 分册: | ||
| 出版信息: | 上海 上海教育出版社有限公司 2020.11 |
|
| 页数: | 213页 | |
| 开本: | 24cm | |
| 丛书名: | ||
| 单 册: | ||
| 中图分类: | G623.242 | |
| 科图分类: | ||
| 主题词: | 作文课--教学研究--小学 | |
| 电子资源: | ||
| ISBN: | 978-7-5720-0244-1 | |
| 000 | 00935nam0 2200241 45 | |
| 001 | 012001001478 | |
| 005 | 20140821090827.0 | |
| 010 | @a978-7-5720-0244-1@dCNY49.00 | |
| 100 | @a20201227d2020 em y0chiy0110 ea | |
| 101 | 0 | @achi |
| 102 | @aCN@b310000 | |
| 105 | @ay z 000yy | |
| 106 | @ar | |
| 200 | 1 | @a小学交际活动作文理论与实践@Axiao xue jiao ji huo dong zuo wen li lun yu shi jian@f吴立岗, 杨文化著 |
| 210 | @a上海@c上海教育出版社有限公司@d2020.11 | |
| 215 | @a213页@d24cm | |
| 330 | @a本书共七章,内容包括,有关写作交际功能研究的历史回顾、小学交际活动作文的基本原理、小学交际活动作文的训练序列、小学交际活动作文的重要策略、小学低年级交际活动作文训练、小学中年级交际活动作文训练、小学高年级交际活动作文训练。 | |
| 606 | 0 | @a作文课@x教学研究@x小学 |
| 690 | @aG623.242@v5 | |
| 701 | 0 | @a吴立岗@Awu li gang@4著 |
| 701 | 0 | @a杨文化@Ayang wen hua@4著 |
| 801 | @aCN@bAHXH@c20210922 | |
| 905 | @b1251931-4@dG623.242@e1587@f4 | |
| 小学交际活动作文理论与实践/吴立岗, 杨文化著.-上海:上海教育出版社有限公司,2020.11 |
| 213页;24cm |
| ISBN 978-7-5720-0244-1:CNY49.00 |
| 本书共七章,内容包括,有关写作交际功能研究的历史回顾、小学交际活动作文的基本原理、小学交际活动作文的训练序列、小学交际活动作文的重要策略、小学低年级交际活动作文训练、小学中年级交际活动作文训练、小学高年级交际活动作文训练。 |
| ● |
| 相关链接 |
|
|
|
|
正题名:小学交际活动作文理论与实践
索取号:G623.242/1587
 
预约/预借
| 序号 | 登录号 | 条形码 | 馆藏地/架位号 | 状态 | 备注 |
| 1 | 1251931 | 212519318 | 第一样本阅览室/ [索取号:G623.242/1587] | 在馆 | |
| 2 | 1251932 | 212519327 | 第四借阅区/ [索取号:G623.242/1587] | 在馆 | |
| 3 | 1251933 | 212519336 | 第四借阅区/ [索取号:G623.242/1587] | 在馆 | |
| 4 | 1251934 | 212519345 | 第四借阅区/ [索取号:G623.242/1587] | 在馆 |